|
|
|
|
| LEADER |
01133cam a2200289 a 4500 |
| 001 |
c000261188 |
| 003 |
CARM |
| 005 |
20070524093111.0 |
| 008 |
740712s1973 enka 000 1 eng d |
| 015 |
|
|
|a B7417447
|
| 019 |
1 |
|
|a 3542643
|z 43610479
|5 LACONCORD2021
|
| 020 |
|
|
|a 0552095443 (pbk.) :
|c £0.40
|
| 035 |
|
|
|a (OCoLC)16234526
|5 LACONCORD2021
|
| 040 |
|
|
|a BNB
|b eng
|c BNB
|d ABN:1V
|d VCAV
|
| 082 |
0 |
4 |
|a 823.91
|2 22
|
| 100 |
1 |
|
|a Crichton, Michael,
|d 1942-
|
| 245 |
1 |
4 |
|a The terminal man /
|c Michael Crichton.
|
| 250 |
|
|
|a Corgi ed.
|
| 260 |
|
|
|a London :
|b Corgi ;
|b transworld Publishers,
|c 1973.
|
| 300 |
|
|
|a 206 p. :
|b ill. ;
|c 18 cm.
|
| 500 |
|
|
|a Fiction in English, 1900-. Texts (BNB/PRECIS)
|
| 500 |
|
|
|a Originally published: New York : Knopf ; London : Cape, 1972 ; shorter version published in Playboy magazine.
|
| 504 |
|
|
|a Bibliography: pp. 202-206.
|
| 650 |
|
0 |
|a English fiction.
|
| 852 |
8 |
|
|b CARM
|h A1:AO09A0
|i A04327
|p 0378281
|f BK
|
| 999 |
f |
f |
|i 8f545bbe-bc89-59a9-8ae5-45a26754b347
|s eb12e266-948a-5e44-9330-7fd2d276b276
|
| 952 |
f |
f |
|p Can circulate
|a CAVAL
|b CAVAL
|c CAVAL
|d CARM 1 Store
|e A04327
|f A1:AO09A0
|h Other scheme
|i book
|m 0378281
|